000 01288nam2a22002651 4500
001 RU\NLR\INFOCOMM7\5000053101
005 20250617020853.0
035 _a(NLR Aleph) 002365880
090 _a4556975
_c4556975
100 _a20040208d1965 |||y0rusy50 ca
101 0 _arus
102 _aRU
105 _ay ||||000|y
200 1 _aДисперсионные, магнитострикционные, кварцевые и другие ультразвуковые линии задержки
_eОтечеств. и иностр. литература за 1964-1965г.г. (I кв.)
_fН.В. Аптекарь
210 _d1965
_aБ. м.
309 _aНа обл. дата: 1963
461 0 _1001RU\NLR\INFOCOMM7\5000052070
_12001#$aБиблиографический указатель литературы$fМ-во радиопром. СССР$v№882
_94556227
_aСССР. Министерство радиопромышленности
_c[М.]
_d1961-
_fМ-во радиопром. СССР
_tБиблиографический указатель литературы
_v№882
700 1 _aАптекарь
_bН.В.
_4070
801 1 _aRU
_bInfoComm
_c20040208
801 0 _aRU
_bNLR
_gPSBO
852 _aNLR
_jС359-410/Г72
942 _cISSUE
980 _aNB
980 _aRUSPER